LEADER 00989nam a2200241 i 4500 001 000000154952 003 CaOOAMICUS 005 20240424170827.0 008 061030s1924 it u000 u ita u 013 $a132301 040 $aSeMil$bita 100 1 $aPetrarca, Francesco,$d<1304-1374>.$0(OLS)http://semarc/name/619 245 13$aIl mio segreto /$cF. Petrarca ; Versione di Luigi Asioli ; con uno studio di Orazio Mengoli. 260 $aMilano :$bU. Hoepli,$c1924. 300 $aXXXIX, 190 p. ;$c15 cm. 650 4$aPetrarca, Francesco <1304-1374> - Opere.$0(OLS)http://semarc/subject/13342 700 1 $aMengoli, Orazio.$0(OLS)http://semarc/name/60606 700 1 $aAsioli, Luigi.$0(OLS)http://semarc/name/40215 850 $aSeMil 852 $aSeMil$W1$xVenegono$y1$m1C I 373$j247815$B106803$CSeMilBibl$Z2$F116063 $8I 996 $6245$aIl mio segreto$9(OLS)http://semarc/title/48647 996 $6260$aMilano :$bU. Hoepli$9(OLS)http://semarc/publisher/33212 LEADER 00835nam a2200205 i 4500 001 000000115830 003 CaOOAMICUS 005 20030529000000.0 008 030529s1942 fr u000 u fre u 013 $a88519 040 $aSeMil$bita 245 12$aL'Institut restauré :$b(1805-1830) 300 $aVII, 615 p., Avec un frontispice. 500 $aContiene : Index historique et bibliographique. 700 1 $aRigault, Georges.$0(OLS)http://semarc/name/4638 773 0 $aRigault, Georges$tHistoire générale de l'Institut des Fréres des Écoles Chrétiennes.$dParis : Plon, 1937-1953-$g4$w()9409 850 $aSeMil 852 $aSeMil$W1$xVenegono$y1$m3G I 70$j71329$B71329$CSeMilBibl$Z2$F219120 $81 961 $aOmaggio: Martini Card. Carlo Maria 996 $6245$aL'Institut restauré :$b(1805-1830)$9(OLS)http://semarc/title/169723